000 00293nam a2200121Ia 4500
008 190216s9999||||xx |||||||||||||| ||und||
100 _aO N V Kurup
245 0 _aOru Devathayum Randu Chakravarthimarum
260 _bM S Book Depot
_c1958
300 _a65p
650 _aKavithkal
942 _cBK
999 _c24163
_d24163